Country Flags with Triangles - Statistics

General Stats
  • This quiz has been taken 86 times
  • The average score is 15 of 23
Answer Stats
Flag Country % Correct
Israel
91%
Cuba
86%
Jamaica
85%
Czech Republic
81%
Bahamas
74%
Bosnia and Herzegovina
74%
South Africa
72%
St Lucia
72%
Mozambique
68%
Antigua and Barbuda
66%
Djibouti
65%
Philippines
65%
Zimbabwe
61%
Guyana
59%
Jordan
59%
East Timor
58%
Eritrea
58%
Vanuatu
57%
Comoros
55%
South Sudan
55%
Sudan
55%
Sao Tome and Principe
54%
Equatorial Guinea
28%
No matching quizzes found
Score Distribution
Percent of People with Each Score
Percentile by Number Answered
Your Score History
You have not taken this quiz